Statistics for Most Followed Instagram Accounts

Click here to take the quiz!

General Stats

  • This quiz has been taken 7 times
  • The average score is 7 of 15

Answer Stats

FollowersAccount Owner% Correct
182.8 MillionAriana Grande
86%
167.1 MillionKim Kardashian
71%
171.9 MillionKylie Jenner
71%
215.3 MillionCristiano Ronaldo
57%
133.6 MillionJustin Bieber
57%
127.6 MillionKendall Jenner
57%
149.0 MillionLionel Messi
57%
138.1 MillionNeymar
57%
174.8 MillionSelena Gomez
57%
113.8 MillionNicki Minaj
43%
145.4 MillionBeyonce
29%
131.3 MillionTaylor Swift
29%
181.1 MillionDwayne Johnson
14%
119.5 MillionJennifer Lopez
0%
135.0 MillionNational Geographic
0%

Score Distribution

Percentile by Number Answered

Percent of People with Each Score

Your Score History

You have not taken this quiz